| 000 | 02386 a2200337 4500 | ||
|---|---|---|---|
| 001 | 40840 | ||
| 005 | 20260407155703.0 | ||
| 008 | 260407a2014 arg spa d | ||
| 003 | AR-UNSa-BCEJYS | ||
| 040 |
_aAR-UNSa-BCEJYS _bspa _cAR-UNSa-BCEJYS |
||
| 080 |
_a372.83 _xEnseñanza de las Ciencias Sociales |
||
| 245 | 1 | 0 |
_aLectura y escritura en carreras de ciencias humanas y sociales _pideas y experiencias de enseñanza |
| 020 | _a978-987-538-406-4 | ||
| 264 | 1 |
_aBuenos Aires : _bNoveduc _c2014 |
|
| 300 |
_a115 p. _c28 cm. |
||
| 505 | _a1. El enriquecimiento de las prácticas de lectura y escritura de los docentes en formación - 2. Intervenciones didácticas para enseñar a leer en el aula universitaria. De "leer para controlar la guía" a compartir la lectura - 3. Identidades discursivas en la escritura de las disciplinas. Una enseñanza posible, una responsabilidad compartida - 4. Las prácticas de lectura y escritura en la universidad: aprendizaje disciplinario y conformación subjetiva - 5. Filosofía y escritura. Algunas reflexiones en torno a una experiencia - 6. Los marcadores del discurso - 7. La ficción como poética de la historia - 8. Instrucciones de lectura. El ensayo en la universidad: la configuración del enunciador académico a través de la escritura - 9. La literatura como reconstrucción del pasado - 10. Literatura y realidad - 11. La literatura como constructora de visiones sobre un pasado no vivido - 12. La representación de la ficción - 13. La ficción y la construcción del pasado - 14. La literatura al servicio de la memoria sobre un pasado que debemos recordar - 15. La ficción como forma de construir memoria. La última dictadura argentina según "Dos veces junio" y "La mujer en cuestión" - 16. Literatura de ficción y no-ficción. Dos formas de construir la memoria colectiva | ||
| 041 | _aspa | ||
| 942 | _cBK | ||
| 590 | _aniveau_biblio:m niveau_hierar:0 | ||
| 100 | 1 | _aNovo, María del Carmen | |
| 700 | 1 | _aRosales, Pablo | |
| 700 | 1 | _aAiola, Norma | |
| 700 | 1 | _aBonnet, Marcela | |
| 700 | 1 | _aBottazzo, María del Carmen | |
| 700 | 1 | _aDegli Uomini, Mariano Claudio | |
| 700 | 1 | _aDíaz, Marcelo Daniel | |
| 700 | 1 | _aEscalarea, Laura Leonor | |
| 700 | 1 | _aJakob, Ivone | |
| 700 | 1 | _aRicca, Guillermo | |
| 856 | 4 | 1 |
_uhttps://biblioeco.unsa.edu.ar/pmb/images/libros/L126298.jpg _yImagen de portada _qimage/jpeg |
| 999 |
_c3312 _d3312 |
||